000 00608nam a2200205 a 4500
001 23658
003 CO-ViMGA
008 141112s2004 ck r 000 u spa d
020 _a9789583026058
040 _aCO-ViMGA
_bspa
_cCO-ViMGA
082 0 4 _aCATi
100 1 _aCatchpool, Michael
_934189
245 1 0 _aImposible mover a un hipopotamo /
_cMichael Catchpool
260 _aColombia :
_bpanAméricana
300 _a32p.
650 1 4 _a2 : HIPOPOTAMOS - CUENTOS INFANTILES
_934190
650 1 4 _a3 : ANIMALES - CUENTOS INFANTILES
_934191
650 1 4 _aCUENTOS INFANTILES INGLESES
_915884
942 _2ddc
_cBK
999 _c31766
_d31766